000 00872nam a2200277 i 4500
001 bg
100 1 _aKUROWSKI, Waldemar
245 1 0 _aPodstawy teoretyczne komputerowego miernictwa systemów mechanicznych /
_cWaldemar Kurowski.
260 _aBiałystok :
_bWydawnictwa PB,
_c1994.
300 _a214 s. :
_brys., wykr. ;
_c24 cm.
490 1 _aSkrypty / Politechnika Białostocka
504 _aBibliogr. przy rozdz.
650 9 _aDiagnostyka techniczna
_xmetody
650 9 _aMaszyny
_xbadanie
650 9 _aPrzetwarzanie danych
_xautomatyzacja
650 9 _aTechnika impulsów
_xstosowanie
655 _aPodręczniki akademickie
830 0 _aSkrypty (Politechnika Białostocka)
020 _a8386272147
040 _cBPK
041 _apol
080 _a681.5(075.8)
920 _a83-86272-14-7
942 _cKS
008 s pl f |000 0 pol
999 _c6910
_d6910
856 _uhttp://koha.tu.koszalin.pl/cgi-bin/koha/opac-detail.pl?biblionumber=6910
_yKatalog online BPK